000 00210nam a22000857a 4500
001 1236323
005 20251001160821.0
245 _aTAVAN ARASINA YOLCUKLUK
_cDAN GORDON
260 _bGÜNIŞIĞI KİTAPLIĞI YAYINLARI
999 _c1236323
_d1236323